Enesidemo o dei fondamenti della filosofia elementare presentata dal signor professor Reinhold di Jena con una difesa dello scetticismo contro le pretese della Critica della ragione / (Record no. 110519)

MARC details
000 -LEADER
campo de control de longitud fija 01046nam a2200277 i 4500
001 - NÚMERO DE CONTROL
campo de control 110519
003 - IDENTIFICADOR DE NÚMERO DE CONTROL
campo de control ES-MaACL
005 - FECHA Y HORA DE LA ÚLTIMA TRANSACCIÓN
campo de control 20250827231410.0
007 - CAMPO FIJO DE DESCRIPCIÓN FÍSICA--INFORMACIÓN GENERAL
campo de control de longitud fija t|
008 - DATOS DE LONGITUD FIJA--INFORMACIÓN GENERAL
campo de control de longitud fija 070126s1971 it ||||1| ita d
080 ## - NÚMERO DE LA CLASIFICACIÓN DECIMAL UNIVERSAL
Número de la Clasificación Decimal Universal 1 Reinhold, Karl Leonhard
080 ## - NÚMERO DE LA CLASIFICACIÓN DECIMAL UNIVERSAL
Número de la Clasificación Decimal Universal 165.72
100 1# - ENTRADA PRINCIPAL--NOMBRE DE PERSONA
Nombre de persona Schulze, Gottlob Ernest.
9 (RLIN) 104798
245 10 - MENCIÓN DEL TÍTULO
Título Enesidemo o dei fondamenti della filosofia elementare presentata dal signor professor Reinhold di Jena con una difesa dello scetticismo contro le pretese della Critica della ragione /
Mención de responsabilidad, etc. Schulze ; a cura di Angelo Pupi.
250 ## - MENCION DE EDICION
Mención de edición 1ª ed.
260 ## - PUBLICACIÓN, DISTRIBUCIÓN, ETC.
Lugar de publicación, distribución, etc. Bari :
Nombre del editor, distribuidor, etc. Laterza,
Fecha de publicación, distribución, etc. 1971.
300 ## - DESCRIPCIÓN FÍSICA
Extensión 426 p. ;
Dimensiones 18 cm.
490 1# - MENCIÓN DE SERIE
Mención de serie Piccola biblioteca filosofica Laterza ;
Designación de volumen o secuencia 67
500 ## - NOTA GENERAL
Nota general Biblioteca Jacinto Martínez Lacalle.
600 14 - PUNTO DE ACCESO ADICIONAL DE MATERIA--NOMBRE DE PERSONA
Nombre de persona Reinhold, Karl Leonhard.
Título de la obra Aenesidemus.
9 (RLIN) 96061
650 17 - PUNTO DE ACCESO ADICIONAL DE MATERIA--TÉRMINO DE MATERIA
Término de materia o nombre geográfico como elemento de entrada Escepticismo
Fuente del encabezamiento o término embne
9 (RLIN) 12353
700 1# - ENTRADA AGREGADA--NOMBRE PERSONAL
Nombre de persona Pupi, Angelo.
9 (RLIN) 94412
830 0# - PUNTO DE ACCESO ADICIONAL DE SERIE-TÍTULO UNIFORME
Título uniforme Piccola biblioteca filosofica Laterza ;
Designación de volumen o secuencia 67
9 (RLIN) 184914
852 ## - LOCALIZACIÓN
Ubicación ES-MaACL
Número de control de estantería E-11582
Sublocalización o colección R.139575
Holdings
Estatus retirado Estado de pérdida Estado de daño No para préstamo Biblioteca de origen Biblioteca actual Ubicación en estantería Fecha de adquisición Fuente de adquisición Total de préstamos Signatura topográfica completa Código de barras Visto por última vez Precio de reemplazo Tipo de ítem Koha
        Biblioteca del Ateneo de Madrid Biblioteca del Ateneo de Madrid Depósito 2 17/01/2008     E-11582 1115309 23/02/2023 23/02/2023 Libro impreso